Surveying and Levelling : A Textbook of Engineering Students / (Record no. 553)
[ view plain ]
| 000 -LEADER | |
|---|---|
| fixed length control field | 00484cam a2200181ua 4500 |
| 003 - CONTROL NUMBER IDENTIFIER | |
| control field | OSt |
| 008 - FIXED-LENGTH DATA ELEMENTS--GENERAL INFORMATION | |
| fixed length control field | 250506b |||||||| |||| 00| 0 eng d |
| 020 ## - INTERNATIONAL STANDARD BOOK NUMBER | |
| ISBN | 9789380358277 |
| 082 ## - DEWEY DECIMAL CLASSIFICATION NUMBER | |
| Classification number | 624.151 7 |
| Item number | RAN/SU |
| 100 ## - MAIN ENTRY--AUTHOR NAME | |
| Personal name | Rangwala, S C. |
| 100 ## - MAIN ENTRY--AUTHOR NAME | |
| Personal name | Rangwala,K.S |
| 100 ## - MAIN ENTRY--AUTHOR NAME | |
| Personal name | Rangwala,P.S |
| 245 ## - TITLE STATEMENT | |
| Title | Surveying and Levelling : A Textbook of Engineering Students / |
| 250 ## - EDITION STATEMENT | |
| Edition statement | 3 / 6 |
| 260 ## - PUBLICATION, DISTRIBUTION, ETC. (IMPRINT) | |
| Place of publication | Gujarat, Anand : |
| Name of publisher | Charotar publishing house , |
| Year of publication | 2011 |
| 300 ## - PHYSICAL DESCRIPTION | |
| Number of Pages | 584 |
| 942 ## - ADDED ENTRY ELEMENTS (KOHA) | |
| Koha item type | Books |
| Withdrawn status | Lost status | Damaged status | Home library | Current library | Date acquired | Full call number | Accession Number | Koha item type | Collection code | Shelving location | Source of acquisition | Cost, normal purchase price |
|---|---|---|---|---|---|---|---|---|---|---|---|---|
| KAUAET | KAUAET | 07/04/2012 | 624.151 7 RAN/SU | 14220 | Books | |||||||
| KAUAET | KAUAET | 31/03/2012 | 624.151 7 RAN/SU | 22509 | Books | Non-fiction | General Stacks | |||||
| KAUAET | KAUAET | 31/03/2012 | 624.151 7 RAN/SU | 22510 | Books | Non-fiction | General Stacks | |||||
| KAUAET | KAUAET | 31/03/2012 | 624.151 7 RAN/SU | 22511 | Books | Non-fiction | General Stacks | |||||
| KAUAET | KAUAET | 31/03/2012 | 624.151 7 RAN/SU | 22512 | Books | Non-fiction | General Stacks | |||||
| KAUAET | KAUAET | 31/03/2012 | 624.151 7 RAN/SU | 22513 | Books | Non-fiction | General Stacks | |||||
| KAUAET | KAUAET | 09/06/2016 | 624.151 7 RAN/SU | 24187 | Books | General Stacks | Penta Books, Calicut | 225.00 | ||||
| KAUAET | KAUAET | 24/06/2016 | 624.151 7 RAN/SU | 24797 | Books | General Stacks | Dream Tech, Trivandrum | 225.00 |
